| 000 | 00620nam a2200217 a 4500 | ||
|---|---|---|---|
| 005 | 20230615063543.0 | ||
| 008 | 010716s2000 mx r 000 0 spa d | ||
| 020 | _a8483162741 | ||
| 035 | _aUPN01000111869 | ||
| 049 | _aCG | ||
| 050 | 4 |
_aLB1032 _bA3.8 |
|
| 100 | 1 |
_aAguilar Idáñez, María José _928676 |
|
| 245 | 1 | 0 |
_aCómo animar un grupo : _btécnicas grupales / _cMaría José Aguilar Ibañez. |
| 250 | _a7a ed. | ||
| 260 |
_aMadrid : _bCCS, _c2000 |
||
| 300 |
_a244 p. : _bil. |
||
| 440 | 0 |
_aEscuela de animación ; _v23 |
|
| 650 | 4 |
_aDinámica de grupos _96712 |
|
| 650 | 4 |
_aLiderazgo _95345 |
|
| 905 | _aLibro | ||
| 999 |
_c85777 _d85777 |
||